Fundamentals of statistics / (Record no. 79871)

MARC details
000 -LEADER
fixed length control field 00582nam a2200241Ia 4500
003 - CONTROL NUMBER IDENTIFIER
control field OSt
005 - DATE AND TIME OF LATEST TRANSACTION
control field 20230907145211.0
008 - FIXED-LENGTH DATA ELEMENTS--GENERAL INFORMATION
fixed length control field 210329s9999||||xx |||||||||||||| ||und||
040 ## - CATALOGING SOURCE
Transcribing agency STCPL
041 ## - LANGUAGE CODE
Language code of text/sound track or separate title English
082 ## - DEWEY DECIMAL CLASSIFICATION NUMBER
Classification number 519.5
Item number GUP-F
100 ## - MAIN ENTRY--PERSONAL NAME
Personal name Gupta, S. C.
245 #0 - TITLE STATEMENT
Title Fundamentals of statistics /
Statement of responsibility, etc. by S. C. Gupta
260 ## - PUBLICATION, DISTRIBUTION, ETC.
Place of publication, distribution, etc. Bombay:
Name of publisher, distributor, etc. Himalaya publishing house ,
Date of publication, distribution, etc. 1984 .
300 ## - PHYSICAL DESCRIPTION
Extent 1276 p.
Other physical details Hard Back
650 ## - SUBJECT ADDED ENTRY--TOPICAL TERM
Topical term or geographic name entry element Probabilities
650 ## - SUBJECT ADDED ENTRY--TOPICAL TERM
Topical term or geographic name entry element Random variables
650 ## - SUBJECT ADDED ENTRY--TOPICAL TERM
Topical term or geographic name entry element Sampling
942 ## - ADDED ENTRY ELEMENTS (KOHA)
Koha item type Books
942 ## - ADDED ENTRY ELEMENTS (KOHA)
Source of classification or shelving scheme Dewey Decimal Classification
Suppress in OPAC No
942 ## - ADDED ENTRY ELEMENTS (KOHA)
Source of classification or shelving scheme Dewey Decimal Classification
Suppress in OPAC No
942 ## - ADDED ENTRY ELEMENTS (KOHA)
Source of classification or shelving scheme Dewey Decimal Classification
Suppress in OPAC No
Holdings
Withdrawn status Lost status Source of classification or shelving scheme Damaged status Collection code Not for loan Home library Current library Shelving location Date acquired Cost, normal purchase price Total Checkouts Full call number Barcode Date last seen Date last checked out Price effective from Koha item type
    Dewey Decimal Classification   Statistics   ST. THOMAS COLLEGE LIBRARY, PALAI ST. THOMAS COLLEGE LIBRARY, PALAI Statistics 2021-07-10 60.00 1 519.5 GUP-F 47368 2025-12-12 2025-11-24 2021-07-10 Books
    Dewey Decimal Classification   Statistics   ST. THOMAS COLLEGE LIBRARY, PALAI ST. THOMAS COLLEGE LIBRARY, PALAI Statistics 2021-07-10 68.00 4 519.5 GUP-F 48331 2026-02-24 2026-02-05 2021-07-10 Books
    Dewey Decimal Classification   Statistics   ST. THOMAS COLLEGE LIBRARY, PALAI ST. THOMAS COLLEGE LIBRARY, PALAI Statistics 2021-07-10 68.00 1 519.5 GUP-F 48333 2025-12-12 2025-11-24 2021-07-10 Books
Rights reserved ©2021 ST. THOMAS COLLEGE LIBRARY
A joint venture of - St. Thomas College Library and
Department of Computer Science, St. Thomas Collge Palai